000 00426nam a2200181Ia 4500
008 230524s9999 xx 000 0 und d
020 _a8186141294
082 _a658.15
_bBIH
100 _aS.C.Bihari
245 0 _aModern Banking Management
250 _aIST
260 _aNEW DELHI
_bSkylark
_c2009
300 _aXII;436
500 _aQuantity Number: 2
650 _aManagement
700 _a S.K.Baral
942 _cBK
999 _c45093
_d45093